プロ野球スピリッツA【プロスピA】 7ポジション以上の守備適性を持つ選手名 - Statistics

General Stats
  • This quiz has been taken 87 times
    7 since last reset
  • The average score is 3 of 54
Answer Stats
球団名 登場年度 適性ポジション数・不適性守備位置 選手名 % Correct
ソフトバンク 15~17S1
18S2
7・キャッチャー 牧原大成
43%
巨人 24S2 8・なし 郡拓也
29%
日本ハム 22S2 7・ショート 郡拓也
29%
西武 21S2・22S1 7・キャッチャー 岸潤一郎
29%
巨人 20S1~22S123S2 7・キャッチャー 若林晃弘
14%
巨人 22S2 7・キャッチャー 増田大輝
14%
阪神 15・16S120S1(TS)・23S1(TS) 7・キャッチャー 大和
14%
広島 25S1・S2 7・キャッチャー 二俣翔一
14%
広島 22S2 7・ファースト 曽根海成
14%
ソフトバンク 15・16S1 18S1・S2 7・キャッチャー 福田秀平
14%
日本ハム 24S2 7・キャッチャー 若林晃弘
14%
日本ハム 17S1~18S1 7・ファースト 近藤健介
14%
オリックス 24S2~25S2 7・キャッチャー 廣岡大志
14%
オリックス 21S2~22S2 7・キャッチャー 大城滉二
14%
日本ハム 23S2 7・キャッチャー A.ハンソン
14%
巨人 25S2 7・キャッチャー 中山礼都
0%
巨人 15~18S1 7・キャッチャー 中井大介
0%
阪神 21S1・S2 7・キャッチャー 板山祐太郎
0%
阪神 15~18S1 7・キャッチャー 荒木郁也
0%
ヤクルト 22S2 7・キャッチャー 太田賢吾
0%
ヤクルト 21S1 7・キャッチャー 松本友
0%
ヤクルト 15・16S1 16S2・17S1・18S2 8・なし 7・キャッチャー 三輪正義
0%
ヤクルト 15~17S2 7・キャッチャー 荒木貴裕
0%
ヤクルト 16S2・17S1 7・キャッチャー 今浪隆博
0%
ソフトバンク 15~20S221S2 7・キャッチャー 明石健志
0%
ソフトバンク 18S1・S2 7・キャッチャー 川島慶三
0%
ソフトバンク 15・16S118S1 7・キャッチャー 塚田正義
0%
ソフトバンク 15 7・キャッチャー 金子圭輔
0%
日本ハム 24S1・S225S2 7・キャッチャー 細川凌平
0%
日本ハム 23S2 7・キャッチャー 加藤豪将
0%
日本ハム 15~21S2 7・キャッチャー 杉谷拳士
0%
日本ハム 16S2~19S1 7・キャッチャー 松本剛
0%
日本ハム 17S2 7・キャッチャー 大累進
0%
日本ハム 15~17S1 8・なし 飯山裕志
0%
日本ハム 15・16S1 7・キャッチャー 西川遥輝
0%
ロッテ 18S2~20S122S2 7・キャッチャー 平沢大河
0%
ロッテ 21S1 7・キャッチャー 茶谷健太
0%
楽天 15~18S1 7・キャッチャー 枡田慎太郎
0%
楽天 15 7・キャッチャー 森山周
0%
楽天 15 7・キャッチャー 山﨑浩司
0%
オリックス 16S1~20S2 7・キャッチャー 小島脩平
0%
オリックス 18S1 7・キャッチャー 宗佑磨
0%
オリックス 18S1 7・キャッチャー 山足達也
0%
オリックス 15 16S1~17S1 7・キャッチャー 8・なし 縞田拓弥
0%
西武 20S2~22S1 7・キャッチャー 呉念庭
0%
西武 19S2 7・キャッチャー 熊代聖人
0%
西武 15・16S1 7・キャッチャー 浅村栄斗
0%
西武 15 7・キャッチャー 脇谷亮太
0%
日本ハム 23S2 7・キャッチャー A.アルカンタラ
0%
楽天 21S1 7・キャッチャー B.ディクソン
0%
広島 24S1 7・キャッチャー M.レイノルズ
0%
中日 23S1・S225S2 7・キャッチャー O.カリステ
0%
ソフトバンク 18S1 7・キャッチャー Y.グラシアル
0%
楽天 15・16S1 7・キャッチャー Z.ウィーラー
0%
No matching quizzes found
Score Distribution
Percent of People with Each Score
Percentile by Number Answered
Your Score History
You have not taken this quiz since the last reset